[Event "Rheinland Pfalz op Seniors 15th"]
[Site "Neustadt an der Weinstrasse"]
[Date "2017.07.20"]
[Round "6"]
[White "Pueschel, Wilhelm"]
[Black "Ranker, Klemens"]
[Result "1-0"]
[WhiteElo "1647"]
[BlackElo "1837"]
[PlyCount "105"]
[EventDate "2017.07.15"]
[EventType "swiss"]
[EventRounds "9"]
[EventCountry "GER"]
[SourceTitle "EXT 2018"]
[Source "ChessBase"]
[SourceDate "2017.10.13"]
[SourceVersion "1"]
[SourceVersionDate "2017.10.13"]
[SourceQuality "1"]

1. e4 c5 2. Nf3 Nc6 3. d4 cxd4 4. Nxd4 d6 5. Be3 Nf6 6. Nc3 g6 7. Be2 Bg7 8. 0-0 0-0 9. f3 a6 10. a3 Bd7 11. Rb1 Rc8 12. f4 Na5 13. e5 Ne8 14. Nf3 Nc4 15. Bxc4 Rxc4 16. Qd5 Qc8 17. Rbc1 e6 18. Qd2 d5 19. Nd4 f5 20. Nce2 Qd8 21. b3 Rc8 22. c4 dxc4 23. Rxc4 Rxc4 24. bxc4 Rf7 25. Rb1 Bc8 26. Qc3 Bf8 27. Nf3 Rd7 28. Ned4 Qe7 29. a4 Rc7 30. Rb6 h6 31. h4 Ng7 32. g3 Qd7 33. a5 Qa4 34. Nd2 Bc5 35. Rb1 Qd7 36. Kf2 Qe7 37. Ke2 Kf7 38. N4b3 Bb4 39. Qb2 Qd7 40. Bb6 Bxd2 41. Bxc7 Bxf4 42. gxf4 Qxc7 43. Qd4 Qc6 44. Kf2 Ke7 45. Qc5+ Kd7 46. Rd1+ Kc7 47. Qxc6+ bxc6 48. Rg1 g5 49. hxg5 h5 50. c5 Bd7 51. Nd4 Bc8 52. Kg3 Bd7 53. Kh4 1-0

[Event "Pfalz-ch Seniors 86th"]
[Site "Wolfstein"]
[Date "2017.04.14"]
[Round "6"]
[White "Rheinheimer, Dieter"]
[Black "Ranker, Klemens"]
[Result "1/2-1/2"]
[WhiteElo "1451"]
[BlackElo "1795"]
[PlyCount "80"]
[EventDate "2017.04.07"]
[EventType "swiss"]
[EventRounds "7"]
[EventCountry "GER"]
[SourceTitle "EXT 2018"]
[Source "ChessBase"]
[SourceDate "2017.10.13"]
[SourceVersion "1"]
[SourceVersionDate "2017.10.13"]
[SourceQuality "1"]

1. e4 c5 2. c4 Nc6 3. d3 g6 4. Bd2 Bg7 5. Bc3 Nd4 6. Nf3 e6 7. Nxd4 cxd4 8. Bb4 Ne7 9. Be2 0-0 10. 0-0 Re8 11. f4 d5 12. Bxe7 Rxe7 13. e5 b6 14. cxd5 exd5 15. Bf3 Bb7 16. Nd2 Qd7 17. Nb3 Qa4 18. Nd2 Qxd1 19. Bxd1 Rc7 20. Nf3 Bf8 21. a3 a5 22. Bb3 Rac8 23. g3 Be7 24. Kg2 Bc5 25. Ng5 h6 26. Nf3 b5 27. a4 b4 28. Rac1 Bb6 29. Rxc7 Rxc7 30. Rf2 Kf8 31. Rc2 Rxc2+ 32. Bxc2 Ke7 33. h4 Kd7 34. g4 Ke6 35. Kg3 Ba6 36. b3 Bc8 37. Ne1 Bd7 38. Bd1 Bc7 39. Nf3 Ke7 40. Nh2 Ke6 1/2-1/2

[Event "Pfalz-ch Seniors 86th"]
[Site "Wolfstein"]
[Date "2017.04.10"]
[Round "4"]
[White "Joniks, Paul"]
[Black "Ranker, Klemens"]
[Result "0-1"]
[WhiteElo "1950"]
[BlackElo "1795"]
[PlyCount "104"]
[EventDate "2017.04.07"]
[EventType "swiss"]
[EventRounds "7"]
[EventCountry "GER"]
[SourceTitle "EXT 2018"]
[Source "ChessBase"]
[SourceDate "2017.10.13"]
[SourceVersion "1"]
[SourceVersionDate "2017.10.13"]
[SourceQuality "1"]

1. d4 d5 2. Nf3 Nf6 3. Nbd2 g6 4. e3 Bg7 5. c3 0-0 6. Bd3 Nc6 7. Qe2 Re8 8. 0-0 e5 9. Nxe5 Nxe5 10. dxe5 Rxe5 11. Nf3 Re8 12. Bd2 Ne4 13. Be1 Nc5 14. Bc2 c6 15. Rd1 Qb6 16. Rb1 Bg4 17. h3 Bd7 18. Nd4 Re7 19. b4 Ne4 20. Qd3 Rae8 21. a4 Qc7 22. Rc1 Ng5 23. h4 Ne4 24. Bd2 Bh6 25. Rce1 Qe5 26. Nf3 Qh5 27. Bc1 Bg7 28. Bb2 Bg4 29. Ng5 Bf5 30. Qe2 Qxh4 31. Nxe4 Bxe4 32. Bxe4 Rxe4 33. Qd3 Be5 34. g3 Bxg3 35. Kg2 Bd6 36. Rh1 Qg4+ 37. Kf1 Qf3 38. Rg1 Bh2 39. Rg2 Rh4 40. b5 Bd6 41. bxc6 bxc6 42. Qa6 Rh1+ 43. Rg1 Rxg1+ 44. Kxg1 Qg4+ 45. Kf1 Qd7 46. c4 Bc5 47. cxd5 Qxd5 48. Qa5 Qc4+ 49. Kg1 Qg4+ 50. Kf1 Bb4 51. Qa6 Bxe1 52. Qxc6 Qe6 0-1